Manažérstvo kvality pre malé a stredné podniky QM - návod na zavedenie systému manažérstva kvality

Salvato in:
Dettagli Bibliografici
Natura: Libro
Lingua:slovacco
Pubblicazione: Bratislava Ústav vzdelávania a služieb 1999
Soggetti:
Tags: Aggiungi Tag
Nessun Tag, puoi essere il primo ad aggiungerne!!

MARC

LEADER 00000nam a2200000 4500
001 c137788
005 20230718083135.0
020 |a 80-88836-52-2 
041 0 |a slo 
044 |a SK 
245 1 0 |a Manažérstvo kvality pre malé a stredné podniky  |b QM - návod na zavedenie systému manažérstva kvality 
264 1 |a Bratislava  |b Ústav vzdelávania a služieb  |c 1999 
300 |a 48 s. 
610 2 0 |a kvalita 
610 2 0 |a manažment 
610 2 0 |a podnik malý 
610 2 0 |a podnik stredný 
610 2 0 |a normalizácia 
610 2 0 |a certifikácia 
610 2 0 |a zákazníci 
610 2 0 |a normy ISO 
610 2 0 |a Európa 
610 2 0 |a Slovensko